Closest Larger 1M Non-Capital City to each World Capital, with a Map - Statistics

General Stats
  • This quiz has been taken 529 times
    413 since last reset
  • The average score is 109 of 196
Answers on the Map
Answers color-coded by a green-red scale on the quiz's map according to % correct below.
 
Answer Stats
Capital City D (km) Closest % Correct
Washington 330 New York
93%
Bogotá 4,004 New York
93%
Beijing 1,069 Shanghai
88%
Seoul 870 Shanghai
88%
Mexico City 12,929 Shanghai
88%
Canberra 241 Sydney
88%
Khartoum 2,848 Istanbul
87%
Ankara 351 Istanbul
87%
Baghdad 1,610 Istanbul
87%
Athens 570 Istanbul
87%
Bucharest 439 Istanbul
87%
Kiev 1,043 Istanbul
87%
London 2,500 Istanbul
87%
Madrid 2,745 Istanbul
87%
Paris 2,258 Istanbul
87%
Sofia 503 Istanbul
87%
Helsinki 300 Saint Petersburg
87%
Minsk 692 Saint Petersburg
87%
Riga 492 Saint Petersburg
87%
Stockholm 691 Saint Petersburg
87%
Tallinn 318 Saint Petersburg
87%
Vilnius 658 Saint Petersburg
87%
Buenos Aires 1,674 São Paulo
87%
Lima 3,458 São Paulo
87%
Santiago 2,587 São Paulo
87%
Accra 411 Lagos
86%
Kinshasa 1,781 Lagos
86%
Lomé 242 Lagos
86%
Luanda 2,012 Lagos
86%
Porto-Novo 87 Lagos
86%
Pretoria (Johannesburg) 4,457 Lagos
86%
Algiers 518 Barcelona
82%
Cairo 4,363 Mumbai
82%
Dhaka 1,891 Mumbai
82%
Moscow 5,030 Mumbai
82%
Nouakchott 1,910 Casablanca
81%
Rabat 86 Casablanca
81%
Lisbon 584 Casablanca
81%
Copenhagen 289 Hamburg
81%
Oslo 710 Hamburg
81%
Warsaw 753 Hamburg
81%
Tripoli 887 Naples
81%
Tunis 570 Naples
81%
Belgrade 673 Naples
81%
Podgorica 454 Naples
81%
Pristina 610 Naples
81%
Rome 188 Naples
81%
Sarajevo 475 Naples
81%
Skopje 614 Naples
81%
Tirana 471 Naples
81%
Vatican City 190 Naples
81%
Apia 2,880 Auckland
80%
Funafuti 3,169 Auckland
80%
Nukuʻalofa 1,994 Auckland
80%
Suva 2,104 Auckland
80%
Wellington 492 Auckland
80%
Bandar Seri Begawan 1,118 Ho Chi Minh City
79%
Phnom Penh 212 Ho Chi Minh City
79%
Singapore 1,095 Ho Chi Minh City
79%
Bratislava 411 Munich
79%
Ljubljana 320 Munich
79%
Prague 302 Munich
79%
Vienna 356 Munich
79%
Zagreb 422 Munich
79%
Budapest 790 Milan
77%
San Marino 308 Milan
77%
Amsterdam 56 Rotterdam
77%
Brussels 121 Rotterdam
77%
Antananarivo 1,610 Dar es Salaam
76%
Dodoma 396 Dar es Salaam
76%
Kampala 1,081 Dar es Salaam
76%
Lusaka 1,531 Dar es Salaam
76%
Mogadishu 1,191 Dar es Salaam
76%
Moroni 696 Dar es Salaam
76%
Nairobi 667 Dar es Salaam
76%
Port Louis 2,461 Dar es Salaam
76%
Riyadh 2,043 Karachi
76%
Tehran 1,913 Karachi
76%
Abu Dhabi 125 Dubai
75%
Kuwait City 855 Dubai
75%
Muscat 380 Dubai
75%
Ottawa 165 Montreal
71%
Amman 573 Alexandria
70%
Damascus 649 Alexandria
70%
Bern 96 Zurich
70%
Vaduz 78 Zurich
70%
Kabul 583 Lahore
69%
Bangkok 1,704 Guangzhou
63%
Jakarta 3,319 Guangzhou
63%
Kuala Lumpur 2,540 Guangzhou
63%
Manila 1,242 Guangzhou
63%
New Delhi 3,654 Guangzhou
63%
Tokyo 2,903 Guangzhou
63%
Panama City 528 Medellín
62%
San José 1,021 Medellín
62%
Caracas 1,061 Medellín
62%
Bishkek 195 Almaty
60%
Addis Ababa 1,382 Jeddah
60%
Sana'a 861 Jeddah
60%
Guatemala City 1,513 Guadalajara
58%
Reykjavík 1,339 Glasgow
57%
Dublin 221 Liverpool
57%
Beirut 210 Tel Aviv-Jaffa
57%
Jerusalem 54 Tel Aviv-Jaffa
57%
Bamako 920 Abidjan
55%
Conakry 1,161 Abidjan
55%
Dakar 1,800 Abidjan
55%
Freetown 1,074 Abidjan
55%
Monrovia 757 Abidjan
55%
Yamoussoukro 215 Abidjan
55%
La Paz 1,729 Manaus
53%
Berlin 479 Cologne / Dusseldorf
52%
Luxembourg 157 Cologne / Dusseldorf
52%
Abuja 340 Kano
52%
N'Djamena 710 Kano
52%
Chișinău 152 Odessa
51%
Sri Jayawardenepura Kotte (Colombo) 688 Chennai
50%
Quito 272 Guayaquil
49%
Havana 365 Miami
49%
Nassau 300 Miami
49%
Port-au-Prince 1,142 Miami
49%
Santo Domingo 1,337 Miami
49%
Gaborone 764 Durban
47%
Harare 1,334 Durban
47%
Maputo 461 Durban
47%
Maseru 344 Durban
47%
Mbabane 393 Durban
47%
Asmara 680 Mecca
47%
Djibouti 1,145 Mecca
47%
Brasília 623 Belo Horizonte
45%
Asunción 825 Porto Alegre
43%
Montevideo 708 Porto Alegre
43%
Victoria 1,751 Mombasa
40%
Bangui 982 Douala
39%
Brazzaville 1,109 Douala
39%
Libreville 406 Douala
39%
Malabo 108 Douala
39%
Honiara 2,123 Brisbane
37%
Port Moresby 2,083 Brisbane
37%
Port Vila 1,901 Brisbane
37%
South Tarawa 3,834 Brisbane
37%
Yaren 3,326 Brisbane
37%
Ashgabat 214 Mashhad
33%
Tashkent 1,012 Mashhad
33%
Taipei 358 Xiamen
33%
Paramaribo 1,098 Belém
32%
Monaco 149 Turin
31%
Lilongwe 730 Lubumbashi
30%
Baku 869 Isfahan
29%
Yaoundé 925 Ibadan
28%
Doha 191 Dammam
27%
Manama 52 Dammam
27%
Andorra la Vella 121 Toulouse
26%
Kathmandu 446 Lucknow
25%
Naypyidaw 246 Mandalay
25%
Astana 443 Omsk
25%
São Tomé 495 Port Harcourt
25%
San Salvador 1,127 Puebla
25%
Pyongyang 357 Dalian
24%
Hanoi 552 Kunming
24%
Kingston 807 Barranquilla
23%
Managua 1,257 Barranquilla
23%
Basseterre 382 San Juan
23%
Bridgetown 913 San Juan
23%
Castries 736 San Juan
23%
Roseau 613 San Juan
23%
Saint John's 477 San Juan
23%
Ngerulmud 994 Davao
22%
Palikir 3,593 Davao
22%
Belmopan 209 San Pedro Sula
22%
Tegucigalpa 177 San Pedro Sula
22%
Islamabad (Rawalpindi) 256 Faisalabad
21%
Ouagadougou 628 Kumasi
21%
Windhoek 1,514 Port Elizabeth
20%
Kigali 854 Mbuji-Mayi
18%
Tbilisi 424 Tabriz
18%
Yerevan 279 Tabriz
18%
Dili 776 Makassar
17%
Nicosia 267 Adana
15%
Valletta 351 Sousse
14%
Dushanbe 560 Peshawar
12%
Gitega 684 Kisangani
10%
Juba 856 Kisangani
10%
Majuro 3,662 Honolulu
9%
Kingstown 765 Maracay
9%
Port-of-Spain 666 Maracay
9%
Saint George's 668 Maracay
9%
Georgetown 1,106 Maracay
9%
Niamey 667 Kaduna
8%
Vientiane 533 Chonburi
7%
Malé 712 Kochi
7%
Ulaanbaatar 839 Baotou
6%
Thimphu 256 Guwahati
5%
Banjul 173 Touba
4%
Bissau 334 Touba
4%
Praia 819 Touba
4%
No matching quizzes found
Score Distribution
Percent of People with Each Score
Percentile by Number Answered
Your Score History
You have not taken this quiz since the last reset